POCKET MANUAL TO CASE TAKING (Record no. 216630)

MARC details
000 -LEADER
fixed length control field 00469nam a22001697a 4500
008 - FIXED-LENGTH DATA ELEMENTS--GENERAL INFORMATION
fixed length control field 260225b |||||||| |||| 00| 0 eng d
020 ## - INTERNATIONAL STANDARD BOOK NUMBER
International Standard Book Number 978-93-5270
050 ## - LIBRARY OF CONGRESS CALL NUMBER
Classification number RC 65 .B36 2018
100 ## - MAIN ENTRY--PERSONAL NAME
Personal name BANSAL NATH RAVINDER
245 ## - TITLE STATEMENT
Title POCKET MANUAL TO CASE TAKING
250 ## - EDITION STATEMENT
Edition statement 3rd
260 ## - PUBLICATION, DISTRIBUTION, ETC.
Place of publication, distribution, etc. NEW DELHI
Name of publisher, distributor, etc. JAYPEE BROTHERS MEDICAL PUBLISHERS
Date of publication, distribution, etc. 2018
300 ## - PHYSICAL DESCRIPTION
Extent X,71
650 ## - SUBJECT ADDED ENTRY
Topical term or geographic name entry element Diagnosis-medical history takinmethods
942 ## - ADDED ENTRY ELEMENTS (KOHA)
Source of classification or shelving scheme Library of Congress Classification
Koha item type Long Loan Book

No items available.